书目信息 |
| 题名: |
跨国公司战略管理
|
|
| 作者: | 邹昭晞 编著 | |
| 分册: | ||
| 出版信息: | 北京 首都经济贸易大学出版社 2004.09 |
|
| 页数: | 415页 | |
| 开本: | 24cm | |
| 丛书名: | ||
| 单 册: | ||
| 中图分类: | F276.7 | |
| 科图分类: | ||
| 主题词: | 跨国公司--kua guo gong si--企业管理--发展战略 | |
| 电子资源: | ||
| ISBN: | 7-5638-1166-4 | |
| 000 | 00872nam0 2200229 450 | |
| 001 | 010253863437 | |
| 005 | 20050901030719.67 | |
| 010 | @a7-5638-1166-4@dCNY33.50 | |
| 100 | @a20050515d2004 km y0chiy0120 ea | |
| 101 | 0 | @achi |
| 102 | @aCN@b110000 | |
| 105 | @aa a 000yy | |
| 200 | 1 | @a跨国公司战略管理@Akua guo gong si zhan lue guan li@f邹昭晞编著@Fzou zhao xi bian zhu |
| 210 | @a北京@c首都经济贸易大学出版社@d2004.09 | |
| 215 | @a415页@c图@d24cm | |
| 320 | @a有书目 (第414-415页)。 | |
| 330 | @a本书比较全面地概括了跨国公司战略管理的基本内容。从多角度系统地阐述了跨国公司公司战略、业务战略、和职能战略三个层次的战略。并从各部环境分析等多方面,讲解了跨国公司战略管理的过程。 | |
| 606 | 0 | @a跨国公司@Akua guo gong si@x企业管理@x发展战略 |
| 690 | @aF276.7@v4 | |
| 701 | 0 | @a邹昭晞@Azou zhao xi@4编著 |
| 801 | 0 | @aCN@bQSSK@c20050901 |
| 905 | @a10447@dF276.7@eZ973 | |
| 跨国公司战略管理/邹昭晞编著.-北京:首都经济贸易大学出版社,2004.09 |
| 415页:图;24cm |
| ISBN 7-5638-1166-4:CNY33.50 |
| 本书比较全面地概括了跨国公司战略管理的基本内容。从多角度系统地阐述了跨国公司公司战略、业务战略、和职能战略三个层次的战略。并从各部环境分析等多方面,讲解了跨国公司战略管理的过程。 |
| ● |
| 相关链接 |
|
|
|
正题名:跨国公司战略管理
索取号:F276.7/Z973
 
预约/预借
| 序号 | 登录号 | 条形码 | 馆藏地/架位号 | 状态 | 备注 |
| 1 | 566778 | 205667786 | 社科库409/409社科库 96排4列3层/ [索取号:F276.7/Z973] | 在馆 | |
| 2 | 566779 | 205667795 | 社科库409/409社科库 96排4列3层/ [索取号:F276.7/Z973] | 在馆 | |
| 3 | 566780 | 205667802 | 社科库409/409社科库 96排4列3层/ [索取号:F276.7/Z973] | 在馆 |